Entourage de Guts dans Berserk - Statistiques

Statistiques générales
  • Ce quiz a été pris 14 fois
  • Le résultat moyen est 10 sur 17
Statistiques - réponses
Lien avec Guts Personnage % Correct
Compagnon d'armes dans la Brigade du Faucon Casca
100%
Commandant au sein de la Brigade du Faucon Pire ennemi Griffith
89%
Adversaire le plus puissant Nosferatu Zodd
89%
Guide de Guts Chevalier squelette
78%
Père adoptif Gambino
78%
Compagnon d'armes dans la Brigade du Faucon Judeau
78%
Compagnon d'armes dans la Brigade du Faucon Pippin
78%
Compagnon de voyage Puck
67%
Compagnon de voyage Serpico
67%
Compagnon de voyage Farnèse
56%
Compagnon de voyage Isidro
56%
Compagnon d'armes dans la Brigade du Faucon Carcus
44%
Forgeron "attitré" Godo
44%
Compagnon d'armes dans la Brigade du Faucon Rickert
44%
Compagnon de voyage Schierke
33%
Compagnon de voyage Magnifico
22%
Compagnon de voyage Roderick
22%
Aucun quiz correspondant
Distribution des résultats
% des personnes avec chaque résultat
Percentile par nombre de réponses
Votre historique - résultats
Vous n’avez pas pris ce quiz